000 00496nam a2200193Ia 4500
005 20230315100645.0
008 131103s9999 xx 000 0 und d
040 _aLoreto College
041 _aEnglish
082 _a891.44
_bHAL
100 _aHaldar, Yogilal
245 _aLoksahityer tridhara
_cYogilal Haldar
260 _aCalcutta
_bGhosh & Co.
_c1957
300 _a174p
650 _aFolklore
651 _aBengali Literature - History and Criticism
850 _aLCLIB
942 _cBK
999 _c20307
_d70786